Statistiques concernant Les pays les plus méridionaux

Cliquez ici pour prendre le quiz!

Statistiques générales

  • Ce quiz a été pris 10 484 fois
  • Le résultat moyen est 16 sur 20

Statistiques - réponses

° SudPays% Correct
54°47'Australie
99%
46°59'Afrique du Sud
98%
55°04'Argentine
98%
56°30'Chili
98%
52°37'Nouvelle-Zélande
97%
30°40'Lesotho
87%
35°02'Uruguay
87%
33°45'Brésil
85%
25°37'Madagascar
83%
28°58'Namibie
83%
27°36'Paraguay
80%
27°19'Eswatini
79%
26°52'Mozambique
78%
22°25'Zimbabwe
76%
26°54'Botswana
75%
21°02'Fidji
71%
22°54'Bolivie
70%
22°21'Tonga
64%
20°32'Île Maurice
62%
20°15'Vanuatu
61%

Distribution des résultats

Percentile par nombre de réponses

% des personnes avec chaque résultat

Votre développement - résultats

Vous n’avez pas pris ce quiz